Sports Quiz

Random Sports Quiz

Every match in WCW Nitro History: 2000 (Apr - Jun) Quiz Stats

 Plays Quiz not verified by Sporcle

Challenge
Share
Tweet
Embed
Score 0/240 Timer 15:00
0 Plays Today
Hint Answer % Correct
4/10/00Ric Flair
97.6%
4/10/00Jeff Jarrett
97.6%
4/17/00Jeff Jarrett
97.6%
4/24/00Buff Bagwell
97.6%
4/24/00Ric Flair
97.6%
4/24/00Hulk Hogan
97.6%
4/24/00Jeff Jarrett
97.6%
5/1/00Jeff Jarrett
97.6%
5/1/00Hulk Hogan
97.6%
5/8/00Jeff Jarrett
97.6%
5/8/00Hulk Hogan
97.6%
5/15/00Jeff Jarrett
97.6%
5/15/00Ric Flair
97.6%
5/15/00Hulk Hogan
97.6%
5/22/00Hulk Hogan
97.6%
5/22/00Jeff Jarrett
97.6%
5/29/00Ric Flair
97.6%
5/29/00Jeff Jarrett
97.6%
6/5/00Jeff Jarrett
97.6%
6/5/00Hulk Hogan
97.6%
6/5/00Ric Flair
97.6%
6/12/00Jeff Jarrett
97.6%
6/12/00Ric Flair
97.6%
6/12/00Buff Bagwell
97.6%
6/12/00David Flair
97.6%
6/12/00Hulk Hogan
97.6%
6/19/00Buff Bagwell
97.6%
6/19/00Jeff Jarrett
97.6%
6/26/00Buff Bagwell
97.6%
6/26/00Jeff Jarrett
97.6%
5/8/00Kevin Nash
95.1%
5/15/00Kevin Nash
95.1%
5/22/00Kevin Nash
95.1%
5/22/00Booker T
95.1%
5/29/00Kevin Nash
95.1%
5/29/00GI Bro
95.1%
6/5/00GI Bro
95.1%
6/5/00Kevin Nash
95.1%
6/12/00Kevin Nash
95.1%
6/12/00Reid Flair
95.1%
6/19/00Kevin Nash
95.1%
6/26/00Kevin Nash
95.1%
6/26/00Kevin Nash
95.1%
4/10/00Diamond Dallas Page
92.7%
4/10/00Sting
92.7%
4/10/00Diamond Dallas Page
92.7%
4/10/00Sting
92.7%
4/17/00Diamond Dallas Page
92.7%
4/17/00Scott Steiner
92.7%
4/24/00Vampiro
92.7%
4/24/00Diamond Dallas Page
92.7%
4/24/00Sting
92.7%
5/1/00Diamond Dallas Page
92.7%
5/1/00Horace Hogan
92.7%
5/1/00Scott Steiner
92.7%
5/8/00Sting
92.7%
5/8/00Diamond Dallas Page
92.7%
5/8/00Scott Steiner
92.7%
5/15/00Sting
92.7%
5/15/00Vampiro
92.7%
5/15/00Horace Hogan
92.7%
5/22/00Horace Hogan
92.7%
5/22/00Rick Steiner
92.7%
5/22/00Diamond Dallas Page
92.7%
5/22/00Scott Steiner
92.7%
5/22/00Vampiro
92.7%
5/29/00Scott Steiner
92.7%
5/29/00Vampiro
92.7%
5/29/00Rick Steiner
92.7%
5/29/00Sting
92.7%
6/5/00Vampiro
92.7%
6/5/00Scott Steiner
92.7%
6/5/00Diamond Dallas Page
92.7%
6/5/00Sting
92.7%
6/5/00Horace Hogan
92.7%
6/5/00Vampiro
92.7%
6/12/00Vampiro
92.7%
6/12/00Scott Steiner
92.7%
6/19/00Horace Hogan
92.7%
6/19/00Rick Steiner
92.7%
Hint Answer % Correct
6/19/00Scott Steiner
92.7%
6/26/00Scott Steiner
92.7%
6/26/00Scott Steiner
92.7%
4/17/00Mike Awesome
90.2%
4/24/00Mike Awesome
90.2%
4/24/00Brian Adams
90.2%
4/24/00Bryan Clarke
90.2%
4/24/00Brian Adams
90.2%
4/24/00Kidman
90.2%
4/24/00Bryan Clarke
90.2%
5/1/00Vince Russo
90.2%
5/1/00Mike Awesome
90.2%
5/8/00Mike Awesome
90.2%
5/8/00Brian Adams
90.2%
5/8/00Bryan Clarke
90.2%
5/8/00Mike Awesome
90.2%
5/8/00Kidman
90.2%
5/8/00Rey Mysterio Jr
90.2%
5/8/00Konnan
90.2%
5/15/00Konnan
90.2%
5/15/00Brian Adams
90.2%
5/15/00Bryan Clark
90.2%
5/15/00Rey Mysterio Jr
90.2%
5/15/00Mike Awesome
90.2%
5/15/00Kidman
90.2%
5/22/00Kidman
90.2%
5/22/00Mike Awesome
90.2%
5/29/00Lt Loco
90.2%
5/29/00Kidman
90.2%
5/29/00Mike Awesome
90.2%
6/5/00Mike Awesome
90.2%
6/5/00Bryan Clark
90.2%
6/5/00Brian Adams
90.2%
6/5/00Goldberg
90.2%
6/5/00Kidman
90.2%
6/5/00Vince Russo
90.2%
6/5/00Mike Awesome
90.2%
6/5/00Rey Mysterio Jr
90.2%
6/5/00Konnan
90.2%
6/12/00Brian Adams
90.2%
6/12/00Bryan Clark
90.2%
6/12/00Lt. Loco
90.2%
6/12/00Vince Russo
90.2%
6/12/00Goldberg
90.2%
6/19/00Brian Adams
90.2%
6/19/00Goldberg
90.2%
6/19/00Lt. Loco
90.2%
6/19/00Rey Mysterio Jr
90.2%
6/19/00Bryan Clark
90.2%
6/26/00Rey Mysterio Jr
90.2%
6/26/00Mike Awesome
90.2%
6/26/00Goldberg
90.2%
6/26/00Goldberg
90.2%
4/10/00Sid Vicious
87.8%
4/10/00Lex Luger
87.8%
4/17/00Lex Luger
87.8%
4/17/00Terry Funk
87.8%
4/24/00Terry Funk
87.8%
4/24/00Lex Luger
87.8%
5/1/00Norman Smiley
87.8%
5/1/00Lex Luger
87.8%
5/8/00Terry Funk
87.8%
5/8/00Norman Smiley
87.8%
5/8/00Stevie Ray
87.8%
5/15/00Terry Funk
87.8%
5/15/00Juventud Guerrera
87.8%
5/29/00Terry Funk
87.8%
6/5/00Terry Funk
87.8%
6/12/00Terry Funk
87.8%
6/19/00Evan Karagias
87.8%
6/26/00Juventud Guerrera
87.8%
4/10/00Shane Douglas
85.4%
4/17/00Shawn Stasiak
85.4%
4/17/00Shane Douglas
85.4%
4/24/00Shane Douglas
85.4%
5/8/00Big T
85.4%
5/8/00Shawn Stasiak
85.4%
5/15/00The Franchise
85.4%
5/29/00The Franchise
85.4%
6/5/00Shawn Stasiak
85.4%
Hint Answer % Correct
6/5/00The Franchise
85.4%
6/5/00Shawn Stasiak
85.4%
6/12/00The Franchise
85.4%
6/12/00Kanyon
85.4%
6/19/00Shane Helms
85.4%
6/19/00Shannon Moore
85.4%
6/19/00Shawn Stasiak
85.4%
6/19/00The Franchise
85.4%
6/26/00Shawn Stasiak
85.4%
6/26/00Shane Helms
85.4%
6/26/00Shannon Moore
85.4%
4/24/00Eric BIschoff
82.9%
5/8/00Captain Rection
82.9%
5/8/00Big Vito
82.9%
5/22/00Chuck Palumbo
82.9%
6/5/00Chuck Palumbo
82.9%
6/5/00Eric Bischoff
82.9%
6/5/00Big Vito
82.9%
6/5/00Chuck Palumbo
82.9%
6/12/00Big Vito
82.9%
6/19/00Big Vito
82.9%
6/19/00Chuck Palumbo
82.9%
6/26/00Chuck Palumbo
82.9%
4/10/00Curt Hennig
80.5%
4/17/00Curt Hennig
80.5%
4/24/00The Artist
80.5%
5/1/00Crowbar
80.5%
5/8/00Big Ron
80.5%
5/8/00Heavy D
80.5%
5/15/00Crowbar
80.5%
5/22/00Crowbar
80.5%
6/12/00The Artist
80.5%
6/19/00The Artist
80.5%
4/17/00The Wall
78%
4/24/00Bam Bam Bigelow
78%
5/1/00The Wall
78%
5/15/00The Wall
78%
5/22/00The Cat
78%
5/22/00The Wall
78%
6/19/00The Cat
78%
6/19/00Jamie-San
78%
6/19/00Yun Yang
78%
6/19/00Bam Bam Bigelow
78%
6/26/00Sean O'Haire
78%
4/24/00David Arquette
75.6%
5/1/00David Arquette
75.6%
5/8/00Johnny the Bull
75.6%
5/8/00Daffney
75.6%
5/15/00Daffney
75.6%
5/22/00Daffney
75.6%
5/29/00Disco Inferno
75.6%
6/5/00Johnny the Bull
75.6%
6/5/00Disco Inferno
75.6%
6/12/00The Demon
75.6%
6/19/00Johnny the Bull
75.6%
6/26/00Disco Inferno
75.6%
5/1/00Tank Abbott
73.2%
5/1/00Tank Abbott
73.2%
5/8/00Tank Abbott
73.2%
5/29/00Tank Abbott
73.2%
6/5/00Tank Abbott
73.2%
6/19/00Tank Abbott
73.2%
6/19/00Kaz Hayashi
73.2%
6/26/00Lance Storm
73.2%
4/24/00Paisley
70.7%
6/5/00Miss Hancock
70.7%
4/24/00Chris Candido
68.3%
4/24/00Tammy
68.3%
5/8/00Ralphus
68.3%
5/15/00Chris Candido
68.3%
5/15/00Tammy
68.3%
6/5/00Chris Candido
68.3%
6/19/00Chris Candido
68.3%
6/26/00Mark Jindrak
68.3%
5/1/00Hugh Morrus
65.9%
5/15/00Madusa
63.4%
6/26/00Jim Duggan
58.5%
6/5/00Kimberly
56.1%
5/8/00Miss Elizabeth
53.7%
5/15/00Miss Elizabeth
53.7%

You're not logged in!

Compare scores with friends on all Sporcle quizzes.
Join for Free
OR
Log In

You Might Also Like...

Show Comments

Extras

Created Jan 2, 2017ReportNominate
Tags:2000, nitro, wcw, WCW Nitro

Top Quizzes Today


Score Distribution

Your Account Isn't Verified!

In order to create a playlist on Sporcle, you need to verify the email address you used during registration. Go to your Sporcle Settings to finish the process.

Report this User

Report this user for behavior that violates our Community Guidelines.

Details: